<?xml version="1.0" encoding="UTF-8"?><?xml-stylesheet type="text/xsl" href="static/style.xsl"?><OAI-PMH xmlns="http://www.openarchives.org/OAI/2.0/" xmlns:xsi="http://www.w3.org/2001/XMLSchema-instance" xsi:schemaLocation="http://www.openarchives.org/OAI/2.0/ http://www.openarchives.org/OAI/2.0/OAI-PMH.xsd"><responseDate>2026-04-17T02:55:13Z</responseDate><request verb="GetRecord" identifier="oai:www.recercat.cat:20.500.12694/7449" metadataPrefix="marc">https://recercat.cat/oai/request</request><GetRecord><record><header><identifier>oai:recercat.cat:20.500.12694/7449</identifier><datestamp>2025-12-31T09:19:44Z</datestamp><setSpec>com_2072_179042</setSpec><setSpec>col_2072_484474</setSpec></header><metadata><record xmlns="http://www.loc.gov/MARC21/slim" xmlns:dcterms="http://purl.org/dc/terms/" xmlns:xsi="http://www.w3.org/2001/XMLSchema-instance" xmlns:doc="http://www.lyncode.com/xoai" xsi:schemaLocation="http://www.loc.gov/MARC21/slim http://www.loc.gov/standards/marcxml/schema/MARC21slim.xsd">
   <leader>00925njm 22002777a 4500</leader>
   <datafield ind2=" " ind1=" " tag="042">
      <subfield code="a">dc</subfield>
   </datafield>
   <datafield ind2=" " ind1=" " tag="720">
      <subfield code="a">Requena Carlucci, Marco</subfield>
      <subfield code="e">author</subfield>
   </datafield>
   <datafield ind2=" " ind1=" " tag="260">
      <subfield code="c">2023-06</subfield>
   </datafield>
   <datafield ind2=" " ind1=" " tag="520">
      <subfield code="a">L'objectiu d’aquest treball és fer una reconstrucció del primer moviment del Concert per a viola i orquestra de Béla Bartók, que va quedar inacabat després de la mort del compositor. Per a això, utilitzarem el manuscrit com a esborrany que va deixar Bartók, així com les diferents versions del concert que s'han anat publicant durant tots aquests anys. Tindrem en compte també els trets característics de l'escriptura de cordes que podem trobar presents en altres obres de Bartók (quartets, concerts per a violí, etc.) a l'hora de prendre decisions sobre l'edició de la part de viola solista.</subfield>
   </datafield>
   <datafield ind2=" " ind1=" " tag="520">
      <subfield code="a">El objetivo del presente trabajo es realizar una reconstrucción del primer movimiento del Concierto para viola y orquesta de Béla Bartók, que quedó inconcluso tras la muerte del compositor. Para ello, utilizaremos el manuscrito a modo de borrador que dejó Bartók, así como las distintas versiones del concierto que se han ido publicando durante todos estos años. Tendremos en cuenta también los rasgos característicos de la escritura de cuerdas que podemos encontrar presentes en otras obras de Bartók (cuartetos, conciertos para violín, etc.) a la hora de tomar decisiones sobre la edición de la parte de viola solista.</subfield>
   </datafield>
   <datafield ind2=" " ind1=" " tag="520">
      <subfield code="a">The aim of the following research is to create a reconstruction of the first movement of Béla Bartók’s Concerto for Viola &amp; Orchestra, which was left uncompleted after the composer’s death. In order to do so, we will focus on the main manuscript, in its sketched form, used by Bartók, and the various editions that have already been published during these years. Another reference worth mentioning would be the main characteristics of Bartók’s string-writing, which we could observe through his string quartets, violin concerti, etc.</subfield>
   </datafield>
   <datafield ind1="8" ind2=" " tag="024">
      <subfield code="a">http://hdl.handle.net/20.500.12694/7449</subfield>
   </datafield>
   <datafield tag="653" ind2=" " ind1=" ">
      <subfield code="a">TFG Música clàssica i contemporània</subfield>
   </datafield>
   <datafield tag="653" ind2=" " ind1=" ">
      <subfield code="a">Bartók, Béla, 1881-1945--Crítica i interpretació</subfield>
   </datafield>
   <datafield tag="653" ind2=" " ind1=" ">
      <subfield code="a">Bartók, Béla, 1881-1945. Concerts, viola, orquestra</subfield>
   </datafield>
   <datafield ind2="0" ind1="0" tag="245">
      <subfield code="a">Propuesta interpretativa y análisis de las distintas versiones del Concierto para viola y orquesta de Béla Bártok</subfield>
   </datafield>
</record></metadata></record></GetRecord></OAI-PMH>